[Event "GRE-chT 46th"]
[Site "Rio Achaia"]
[Date "2018.07.10"]
[Round "1.13"]
[White "Karaboikis, Spiridon"]
[Black "Mihopoulos, Konstantinos"]
[Result "0-1"]
[WhiteElo "1942"]
[BlackElo "2097"]
[PlyCount "84"]
[EventDate "2018.07.10"]
[EventType "team"]
[EventRounds "7"]
[EventCountry "GRE"]
[SourceTitle "CBM 185 Extra"]
[Source "ChessBase"]
[SourceDate "2018.07.29"]
[SourceVersion "1"]
[SourceVersionDate "2018.07.29"]
[SourceQuality "1"]
[WhiteTeam "Asos Rodou Hippotis"]
[BlackTeam "3 Stars 89"]
[WhiteTeamCountry "GRE"]
[BlackTeamCountry "GRE"]

1. d4 d5 2. Bf4 c5 3. e3 Nc6 4. c3 Nf6 5. Nd2 Bf5 6. Qb3 Qc8 7. Ngf3 e6 8. Nh4 Bg4 9. h3 Bh5 10. g4 Bg6 11. Nxg6 hxg6 12. Bg2 c4 13. Qc2 Be7 14. e4 b5 15. exd5 Nxd5 16. Bg3 0-0 17. 0-0 g5 18. Qe4 Qd7 19. Rae1 Rac8 20. Nf3 b4 21. Qc2 a5 22. Ne5 Nxe5 23. Rxe5 Bd6 24. Re2 Nf4 25. Bxf4 Bxf4 26. Rfe1 Rfd8 27. Qe4 Qa4 28. Ra1 Rb8 29. Qc6 Qxc6 30. Bxc6 Rb6 31. Be4 bxc3 32. bxc3 Rdb8 33. Kf1 a4 34. Ke1 a3 35. Kd1 Kf8 36. Bc2 Ke7 37. f3 Kd6 38. Re4 Rh8 39. Rb1 Rxb1+ 40. Bxb1 Rxh3 41. Ke2 Rh2+ 42. Kd1 Rd2+ 0-1

[Event "GRE-chT 44th"]
[Site "Achaia"]
[Date "2016.07.10"]
[Round "7.15"]
[White "Karaboikis, Spiridon"]
[Black "Skaperdas, Sotirios"]
[Result "1/2-1/2"]
[WhiteElo "1980"]
[BlackElo "1992"]
[PlyCount "99"]
[EventDate "2016.07.05"]
[EventType "team-swiss"]
[EventRounds "7"]
[EventCountry "GRE"]
[SourceTitle "CBM 173 Extra"]
[Source "ChessBase"]
[SourceDate "2016.08.29"]
[SourceVersion "1"]
[SourceVersionDate "2016.08.29"]
[SourceQuality "1"]
[WhiteTeam "Rhodes Knight"]
[BlackTeam "New Filadelfeias"]
[WhiteTeamCountry "GRE"]
[BlackTeamCountry "GRE"]

1. d4 d6 2. Bf4 f5 3. Nf3 Nf6 4. e3 g6 5. Bc4 e6 6. c3 Qe7 7. b4 Bg7 8. h3 0-0 9. 0-0 h6 10. Nbd2 Kh7 11. Qc2 Nbd7 12. Bb3 b6 13. c4 e5 14. Bh2 e4 15. Ne1 c5 16. bxc5 bxc5 17. Ba4 Rb8 18. Nb3 Rb4 19. Na5 Bb7 20. Rb1 Rxb1 21. Qxb1 Nb6 22. Nxb7 Qxb7 23. Bxd6 Rf7 24. Bb3 Nxc4 25. Bxc5 Nd2 26. Qc2 Nxf1 27. Bxf7 Nxe3 28. Bxg6+ Kxg6 29. fxe3 Nd5 30. Kf2 h5 31. g3 Bh6 32. Ng2 Kf6 33. Qb3 Qd7 34. Qb8 a5 35. Qe5+ Kf7 36. Qd6 Qxd6 37. Bxd6 Nc3 38. a4 Nxa4 39. Bc7 Ke6 40. Bxa5 Nb2 41. Nf4+ Bxf4 42. gxf4 Nd1+ 43. Ke2 Nb2 44. Be1 Kd5 45. Kf1 Nd1 46. Bf2 Kc4 47. Kg2 Nc3 48. Kg3 Kd3 49. Kh4 Nd5 50. Be1 1/2-1/2

[Event "GRE-chT 44th"]
[Site "Achaia"]
[Date "2016.07.07"]
[Round "4.16"]
[White "Kouroumbas, Kosmas"]
[Black "Karaboikis, Spiridon"]
[Result "1/2-1/2"]
[WhiteElo "1726"]
[BlackElo "1980"]
[PlyCount "94"]
[EventDate "2016.07.05"]
[EventType "team-swiss"]
[EventRounds "7"]
[EventCountry "GRE"]
[SourceTitle "CBM 173 Extra"]
[Source "ChessBase"]
[SourceDate "2016.08.29"]
[SourceVersion "1"]
[SourceVersionDate "2016.08.29"]
[SourceQuality "1"]
[WhiteTeam "Evia HS"]
[BlackTeam "Rhodes Knight"]
[WhiteTeamCountry "GRE"]
[BlackTeamCountry "GRE"]

1. d4 Nf6 2. c4 c5 3. e3 g6 4. Nf3 Bg7 5. Nc3 0-0 6. Bd3 cxd4 7. exd4 d5 8. Be3 Nc6 9. 0-0 Bg4 10. c5 Qc8 11. Be2 h6 12. Rc1 Qe6 13. h3 Bf5 14. Nh4 Ne4 15. Nxf5 Qxf5 16. Bf3 Nxc3 17. bxc3 Qd7 18. Qb3 e6 19. Rb1 b6 20. cxb6 axb6 21. Bf4 g5 22. Be3 Rfc8 23. Be2 Na5 24. Qxb6 Rxc3 25. Bb5 Qa7 26. Qxa7 Rxa7 27. a4 Nc4 28. Rfc1 Rxc1+ 29. Rxc1 Nxe3 30. fxe3 Bf8 31. Rc8 Kg7 32. Kf2 Be7 33. Kf3 f5 34. g4 fxg4+ 35. hxg4 Kf7 36. e4 dxe4+ 37. Kxe4 Bf6 38. d5 exd5+ 39. Kxd5 Kg6 40. Rc4 Kf7 41. Re4 Bc3 42. Re6 Kg7 43. Rd6 Bb4 44. Rd7+ Rxd7+ 45. Bxd7 h5 46. gxh5 Kh6 47. Bg4 Be1 1/2-1/2

[Event "Rhodes Colossus op"]
[Site "Rhodes"]
[Date "2015.09.04"]
[Round "5"]
[White "Karaboikis, Spiridon"]
[Black "Mamedjarova, Zeinab"]
[Result "0-1"]
[WhiteElo "1877"]
[BlackElo "2269"]
[PlyCount "52"]
[EventDate "2015.09.01"]
[EventType "swiss"]
[EventRounds "9"]
[EventCountry "GRE"]
[SourceTitle "EXT 2017"]
[Source "ChessBase"]
[SourceDate "2016.10.25"]
[SourceVersion "1"]
[SourceVersionDate "2016.10.25"]
[SourceQuality "1"]

1. d4 f5 2. Bf4 Nf6 3. e3 e6 4. Nf3 d5 5. c4 Bd6 6. Nc3 0-0 7. Bd3 c6 8. Ne5 Qe7 9. h3 dxc4 10. Bxc4 Nd5 11. Bxd5 exd5 12. h4 Na6 13. Bg3 Nc7 14. h5 Ne6 15. f4 a5 16. Ng6 hxg6 17. hxg6 Nxf4 18. Kd2 Nxg6 19. Qh5 Qf6 20. Bxd6 Qxd6 21. g4 f4 22. Qh7+ Kf7 23. Rh6 Bd7 24. Rf1 Rh8 25. Rxf4+ Nxf4 26. Rxd6 Rxh7 0-1

[Event "Rhodes Colossus op"]
[Site "Rhodes"]
[Date "2015.09.03"]
[Round "4"]
[White "Schmitz, Andreas Arnold"]
[Black "Karaboikis, Spiridon"]
[Result "0-1"]
[WhiteElo "2065"]
[BlackElo "1877"]
[PlyCount "68"]
[EventDate "2015.09.01"]
[EventType "swiss"]
[EventRounds "9"]
[EventCountry "GRE"]
[SourceTitle "EXT 2017"]
[Source "ChessBase"]
[SourceDate "2016.10.25"]
[SourceVersion "1"]
[SourceVersionDate "2016.10.25"]
[SourceQuality "1"]

1. e4 c5 2. c3 Nf6 3. e5 Nd5 4. d4 e6 5. Nf3 cxd4 6. cxd4 d6 7. Nc3 Nxc3 8. bxc3 dxe5 9. Nxe5 Be7 10. Qa4+ Bd7 11. Nxd7 Nxd7 12. Rb1 0-0 13. Rxb7 Nb6 14. Qa6 Bf6 15. Be2 e5 16. 0-0 exd4 17. cxd4 Bxd4 18. Rxa7 Rc8 19. Bb5 Qf6 20. Ba3 Rc2 21. Be2 Re8 22. Bf3 Rxf2 23. Kh1 Rxf1+ 24. Qxf1 g5 25. h3 Bc3 26. Kh2 Re1 27. Qf2 g4 28. Bb2 Qf4+ 29. g3 Qxf3 30. Qxf3 gxf3 31. Bxc3 f2 32. Rb7 Rh1+ 33. Kxh1 f1Q+ 34. Kh2 Qf2+ 0-1